000
00339nam a2200121Ia 4500
008
151001s9999||||xx |||||||||||||| ||und||
100
_a
& Robert D.L.sayor
245
4
_a
The Documents in the case
260
_b
Penguin Books
260
_c
1937
300
_a
254
365
_b
7
999
_c
949983
_d
949980